• 首页
  • 本馆介绍
  • 公告通知
  • 最新文献
  • 馆藏检索
  • 电子资源
  • 读者导购
  • 参考咨询
  • 我的图书馆
  • 登录
  • 详细信息显示
  • 放入我的书架
  • 预约/预借图书
  • 作者相关作品
  • 分类相关作品
  • 丛书相关作品
  • 出版社相关作品

书目信息

  • 表格格式
  • 工作单格式
  • 卡片格式
题名:
律师与公证制度教程
    
 
作者: 肖胜喜 主编
分册:  
出版信息: 北京   中国政法大学出版社  1996
页数: 427页
开本: 20cm
丛书名:
单 册:
中图分类: D916.5
科图分类: 35.185
主题词: 律师制度--高等学校--教材 , 公证制度--高等学校--教材
电子资源:
ISBN: 7-5620-1592-9
000 00713nam0 2200253 45
001 0197004694
005 20090421090120.20
010    @a7-5620-1592-9@dCNY14.00
100    @a19970315d1996 em y0chiy0121 ea
101 0  @achi
102    @aCN@b110000
105    @ay zn 000yy
200 10 @a律师与公证制度教程@Alv shi yu gong zheng zhi du jiao cheng@f肖胜喜主编
205    @a修订本
210    @a北京@c中国政法大学出版社@d1996
215    @a427页@d20cm
300    @a高等政法院校法学教材
606    @a律师制度@x高等学校@x教材
606    @a公证制度@x高等学校@x教材
690    @aD916.5@v3
692    @a35.185
701  0 @a肖胜喜@Axiao sheng xi@4主编
801  0 @aCN@bTSSF@c20090421
905    @a10447@dD916.5@e407=2
    
    律师与公证制度教程/肖胜喜主编.-修订本.-北京:中国政法大学出版社,1996
    427页;20cm
    高等政法院校法学教材
    
    ISBN 7-5620-1592-9:CNY14.00
    
●
相关链接 在E读中查询图书 在五车中查询图书 在当当中查询图书 在豆瓣中查询图书


正题名:律师与公证制度教程     索取号:D916.5/407=2         预约/预借

序号 登录号 条形码 馆藏地/架位号 状态 备注
1 0624638   206246383   密集书库/ [索取号:D916.5/407=2] 在馆    
2 0626948   206269483   密集书库/ [索取号:D916.5/407=2] 在馆    
3 0791804   207918048   密集书库/ [索取号:D916.5/407=2] 在馆    
4 0791805   207918057   第一样本阅览室/ [索取号:D916.5/407=2] 在馆    
唐山师范学院图书馆 欢迎您!
大连网信软件有限公司© 版权所有